000 01567cab a2200373 4500
001 ABS59419
008 090401t1998 xxu||||| |||| 00| 0 eng d
035 _a(Sirsi) u89485
041 _aeng
245 _aFocus `98: Industrial and distribution
260 _c1998
350 _a0
490 _aEstates Gazette
_v(9844) 31 October 1998, 79-175(27)
520 _aReview of the industrial and distribution markets. Includes profile of US REIT company ProLogis` investment in the UK; how UK REITs are battling against their US cousins in the distribution market; how industrial property offers one of the best investment opportunities; the extent of speculative development; rising industrial floorspace availability; the European distribution market; the challenge to developers and occupiers of government`s policy of shifting freight from road to rail; and what kind of legacy the soon to be defunct enterprise zones will leave.
650 _aDISTRIBUTION MARKET
650 _aENTERPRISE ZONES
650 _aEUROPE
650 _aFLOORSPACE
650 _aFOREIGN INVESTORS
650 _aFREIGHT TRANSPORT
650 _aHIGH BAY WAREHOUSES
650 _aINDUSTRIAL MARKET
650 _aPROPERTY INVESTMENT MARKET
650 _aPROPERTY INVESTORS
650 _aREITS
650 _aRENTAL LEVELS
650 _aSPECULATIVE DEVELOPMENT
650 _aTRANSPORT POLICY
650 _aTRANSPORT WHITE PAPER
650 _aWAREHOUSES
690 _aPROPERTY-COMMERCIAL PROPERTY-COMMERCIAL PROPERTY MARKET
942 _n0
948 _c04/11/1998
999 _c56622
_d56622